000 00528nam a22002057a 4500
003 OSt
005 20231018084951.0
008 231018b |||||||| |||| 00| 0 eng d
020 _a978932598229
040 _cDDC.
082 _a658.15 PAN 2015.
100 _aPandey,I M;
_916779
245 _aFinancial Management.
250 _a11th ed.
260 _aNew Delhi,
_bVikas Publishing House PVT LTD
_c2015.
300 _aix,921p;
_bill,
_c28cm.
504 _aincludes index.
650 _amanagement
_9364
942 _2ddc
_cB_BANK
999 _c8224
_d8224